Role of antiozonants in modern tyre compounding (Record no. 67151)

MARC details
000 -LEADER
fixed length control field 00377nam a2200145Ia 4500
100 ## - MAIN ENTRY--AUTHOR NAME
Personal name Thornley E R
245 #0 - TITLE STATEMENT
Title Role of antiozonants in modern tyre compounding
260 ## - PUBLICATION, DISTRIBUTION, ETC. (IMPRINT)
Name of publisher IRI Transactions
Year of publication 1964
300 ## - PHYSICAL DESCRIPTION
Number of Pages T1-T19
650 ## - SUBJECT ADDED ENTRY--TOPICAL TERM
Topical Term Antiozonants
650 ## - SUBJECT ADDED ENTRY--TOPICAL TERM
Topical Term Tyre compounding
650 ## - SUBJECT ADDED ENTRY--TOPICAL TERM
Topical Term Tyre compounding
942 ## - ADDED ENTRY ELEMENTS (KOHA)
Koha item type Journals
Holdings
Withdrawn status Lost status Damaged status Not for loan Home library Current library Shelving location Date acquired Serial Enumeration / chronology Koha item type
      Journals RRII Library RRII Library Rubber chemistry 17/12/2021 Volume 40, Issue 1 Journals